Countries that border Russia - Statistics

General Stats
  • This quiz has been taken 28 times
  • The average score is 11 of 12
Answers on the Map
Answers color-coded by a green-red scale on the quiz's map according to % correct below.
 
Answer Stats
País % Correct
Belarus
100%
Finland
100%
Norway
100%
China
96%
Estonia
96%
Kazakhstan
96%
Mongolia
96%
North Korea
96%
Ukraine
96%
Azerbaijan
87%
Latvia
87%
Georgia
83%
No matching quizzes found
Score Distribution
Percent of People with Each Score
Percentile by Number Answered
Your Score History
You have not taken this quiz